|
|
|
|
| LEADER |
01688cas a2200241 a 4500 |
| 001 |
AALejournalIMF005201 |
| 008 |
230101c9999 xx r poo 0 0eng d |
| 020 |
|
|
|c 5.00 USD
|
| 020 |
|
|
|z 9781451802450
|
| 022 |
|
|
|a 1934-7685
|
| 040 |
|
|
|a BD-DhAAL
|c BD-DhAAL
|
| 110 |
2 |
|
|a International Monetary Fund.
|
| 245 |
1 |
0 |
|a Austria :
|b Financial Sector Assessment Program Update Technical Note; Factual Update and Analysis of the IOSCO Objectives and Principles of Securities Regulation.
|
| 264 |
|
1 |
|a Washington, D.C. :
|b International Monetary Fund,
|c 2008.
|
| 300 |
|
|
|a 1 online resource (27 pages)
|
| 490 |
1 |
|
|a IMF Staff Country Reports
|
| 500 |
|
|
|a <strong>Off-Campus Access:</strong> No User ID or Password Required
|
| 500 |
|
|
|a <strong>On-Campus Access:</strong> No User ID or Password Required
|
| 506 |
|
|
|a Electronic access restricted to authorized BRAC University faculty, staff and students
|
| 520 |
3 |
|
|a This technical note focuses on the International Organization of Securities Commissions objectives and principles of securities regulations of Austria. The 2003 assessment found that Austria had fully broadly implemented a large majority of principles. The human resources of the Securities Supervision Department of the Financial Market Authority (FMA) should be increased, especially to conduct on-site inspections, in addition to the 14 planned appointments. Administrative fines should be raised further to levels elsewhere in Europe.
|
| 538 |
|
|
|a Mode of access: Internet
|
| 830 |
|
0 |
|a IMF Staff Country Reports; Country Report ;
|v No. 2008/206
|
| 856 |
4 |
0 |
|z Full text available on IMF
|u http://elibrary.imf.org/view/journals/002/2008/206/002.2008.issue-206-en.xml
|z IMF e-Library
|